| 000 | 00000nam 2200000zi 4500 |
| 001 | 9.558816 |
| 003 | CaOODSP |
| 005 | 20210817144144 |
| 007 | cr ||||||||||| |
| 008 | 150406s2002||||xxc|||||o f|0| 0 eng d |
| 020 | |a0662320034 |
| 040 | |aCaOODSP|beng |
| 043 | |an-cn--- |
| 086 | 1 |aC21-24/35-2002E-PDF |
| 100 | 1 |aDissou, Yazid, |eauthor. |
| 245 | 10|aEconomic impact of carbon abatement policies and market structure : |ba dynamic general equilibrium analysis with imperfect competition / |cby Yazid Dissou, Carolyn Mac Leod and Mokhtar Souissi. |
| 246 | 10|aDynamic general equilibrium analysis with imperfect competition |
| 264 | 1|aOttawa, Ontario : |bIndustry Canada, |cOctober 2002. |
| 300 | |a1 online resource (47 pages) : |btables. |
| 336 | |atext|btxt|2rdacontent |
| 337 | |acomputer|bc|2rdamedia |
| 338 | |aonline resource|bcr|2rdacarrier |
| 490 | 1 |aWorking paper series ; |vNo. 35 |
| 500 | |aThe catalogue number (C21-24/35-2002) and ISBN (0662-66098-6) for the bilingual print edition have been incorrectly copied in this electronic publication. |
| 504 | |aIncludes bibliographical references. |
| 590 | |a12-01-Supp|b2012-01-13 |
| 710 | 1 |aCanada. |bIndustry Canada. |bMicro-Economic Policy Analysis Branch, |eissuing body. |
| 775 | 08|tRépercussions économiques des politiques de réduction des émissions de carbone et de la structure du marché : |w(CaOODSP)9.601327 |
| 776 | 0#|tEconomic impact of carbon abatement policies and market structure : |w(CaOODSP)9.536058 |
| 776 | 0#|tRépercussions économiques des politiques de réduction des émissions de carbone et de la structure du marché : |w(CaOODSP)9.536059 |
| 830 | #0|aWorking paper series ;|vNo. 35|w(CaOODSP)9.504711 |
| 856 | 40|ahttp://publications.gc.ca|qPDF|s375 KB|uhttps://publications.gc.ca/collections/collection_2011/ic/C21-24-35-2002-eng.pdf|yNo. 35 |